Biggest Trading Partners - Saudi Arabia - Statistics

General Stats
  • This quiz has been taken 3,544 times
  • The average score is 21 of 26
Answer Stats
Exports Imports Country % Correct
1.48 bil 22.0 bil United States
99%
5.61 bil 24.0 bil China
98%
4.76 bil United Kingdom
95%
3.00 bil 5.81 bil India
94%
1.97 bil Egypt
93%
11.8 bil Germany
93%
6.74 bil 8.59 bil United Arab Emirates
93%
4.22 bil France
92%
0.873 bil Oman
91%
9.71 bil Japan
89%
1.60 bil Qatar
88%
1.72 bil 2.98 bil Turkey
88%
5.07 bil Italy
86%
2.43 bil Indonesia
83%
0.890 bil Pakistan
83%
1.56 bil Kuwait
81%
2.76 bil Brazil
80%
0.902 bil 9.65 bil South Korea
80%
1.50 bil Bahrain
78%
1.44 bil Jordan
74%
1.35 bil Malaysia
69%
3.68 bil Thailand
66%
2.97 bil Vietnam
61%
2.35 bil Singapore
60%
3.98 bil Switzerland
53%
1.51 bil Belgium
45%
No matching quizzes found
Score Distribution
Percent of People with Each Score
Percentile by Number Answered
Your Score History
You have not taken this quiz